• 首页
  • 本馆介绍
  • 公告通知
  • 最新文献
  • 馆藏检索
  • 电子资源
  • 读者导购
  • 参考咨询
  • 我的图书馆
  • 登录
  • 详细信息显示
  • 放入我的书架
  • 预约/预借图书
  • 作者相关作品
  • 分类相关作品
  • 丛书相关作品
  • 出版社相关作品

书目信息

  • 表格格式
  • 工作单格式
  • 卡片格式
题名:
舞蹈创编法
    
 
作者: 伐纳 著 ;郑慧慧 译
分册:  
出版信息: 上海   上海音乐出版社  1998
页数: 82页
开本: 20cm
丛书名:
单 册:
中图分类: J711.3
科图分类:
主题词: 舞蹈编导--创作方法
电子资源:
ISBN: 7-80553-712-7
000 00711nam0 2200229 45
001 0198040940
005 20041208105751.7
010    @a7-80553-712-7@dCNY6.00
100    @a19980727d1998 kemy0chiy0121 ea
101 1  @achi@cfre
102    @aCN@b310000
105    @af z 000yd
200 10 @a舞蹈创编法@Awu dao chuang bian fa@f(法)卡琳娜·伐纳著@F(Fa)Ka Lin Na·Fa Na Zhu@g郑慧慧译
210    @a上海@c上海音乐出版社@d1998
215    @a82页@c照片@d20cm
300    @a译自法国巴黎维戈特出版社1993年8月版,运动和教育丛书之一
606    @a舞蹈编导@x创作方法
690    @aJ711.3@v4
701  0 @a伐纳@4著
702  0 @a郑慧慧@Azheng hui hui@4译
801    @aCN@bTSTC@c20030331
905    @b321814-818@dJ711.3@e37@f5
    
    舞蹈创编法/(法)卡琳娜·伐纳著/郑慧慧译.-上海:上海音乐出版社,1998
    82页:照片;20cm
    译自法国巴黎维戈特出版社1993年8月版,运动和教育丛书之一
    
    ISBN 7-80553-712-7:CNY6.00
    
●
相关链接 在E读中查询图书 在五车中查询图书 在当当中查询图书 在豆瓣中查询图书


正题名:舞蹈创编法     索取号:J711.3/37         预约/预借

序号 登录号 条形码 馆藏地/架位号 状态 备注
1 0321814   203218142   第一借阅区/ [索取号:J711.3/37] 在馆    
2 0321815   203218151   第一借阅区/ [索取号:J711.3/37] 在馆    
3 0321816   203218160   第一借阅区/ [索取号:J711.3/37] 在馆    
4 0321817   203218179   第一借阅区/ [索取号:J711.3/37] 在馆    
5 0321818   203218188   第一样本阅览室/ [索取号:J711.3/37] 在馆    
唐山师范学院图书馆 欢迎您!
大连网信软件有限公司© 版权所有